000 01991nam a2200349 4500
003 EC-UNACH
005 20250515111815.0
006 s||||gr|||| 00| 00
008 150116t9999 mx r gr 000 0 spa d
020 _a25287761
040 _aEC-UNACH
_cEC-UNACH
041 _aspa
082 0 4 _223
_a300
_bL017760
110 _aCentro Andino de Acción Popular (CAAP)
245 _aEcuador Debate N°113. Desvanecimiento del Otro en la guerra de los discursos
250 _aFirst Edition
264 _aQuito – Ecuador
_bCAAP
_c2021
300 _a248 páginas
_bTablas, Mapas
_c14,5 X 21 cm
505 _aCOYUNTURA.- Ecuador en la trampa de un futuro pasadista. -- Conflictividad socio-política: Marzo-Junio 2021. -- TEMA CENTRAL.- Cultura, política y guerras discursivas. -- Una nueva era: la guerra de los discursos. -- Forma natural humana frente a la crisis de identidad múltiple. -- La benévola negación del otro. Las protestas en Colombia del 2021. -- "Una breve historia de los humanos". Pequeño ejercicio de traducción. -- Las instituciones políticas como espacios terceros. -- La escuela un lugar para re-escribir los enigmas de la vida. -- DEBATE AGRARIO.- Pensar la transición de los territorios en los Andes rurales del Ecuador. -- ANÁLISIS.- Postdemocracia, capital (i)legal y extractivismo. -- La comunicación en los medios: una lectura sociológica de la movilización de octubre 2019 en Ecuador. RESEÑAS.- Presidentes empresarios y Estados capturados: América Latina en el Siglo XXI. Patrimonios alimentarios en América Latina. Recursos locales, actores y globalización.
700 _aMartínez Borrero, Juan
700 _aRuiz Acosta, Miguel
700 _aRebaï, Nasser
700 _aDupret, Marie-Astrid
700 _aSarango Reyes, Carlos
942 _2ddc
_c1
999 _c13553